000 00325nam a2200109Ia 4500
008 171211s9999 xx 000 0 und d
245 _aBaby Massage – The Calming Power of Touch
245 _cAlan Heath and Nicki Bainbridge
260 _c2004
650 _xHEALTH
856 _uhttp://down.ebook777.com/017/9780756602468.pdf
999 _c348363
_d348363